Wir entwerfen Muster (Запис номер 115307)
[ съкратено ]
| 000 -Лидер | |
|---|---|
| Контролно поле с фиксирана дължина | 00971nam a2200289 c 4500 |
| 003 - Код на организацията, давaща контролен номер | |
| Контролно поле | BLK |
| 005 - Дата и час на последна редакция | |
| Контролно поле | 20200429161018.0 |
| 008 - Елементи от данни с фиксирана дължина | |
| fixed length control field | 180409b bul|||||r ||||||| ||bul|| |
| 010 ## - Наследен системен номер | |
| LC control number | KNG00120787000 |
| 040 ## - Източник на каталожния запис | |
| Идентификатор на билиотеката - собственик на записа | BLK |
| 041 ## - Код за език | |
| Код за езика на текст/звукозапис или на отделно заглавие | Немски |
| Код за езика КДБФ | Немски |
| 080 ## - УДК | |
| Текстов определител УДК | Художествени ръкоделия |
| УДК код - определител по УДК | 746 |
| УДК - код + определител | 746 |
| 100 ## - Редна дума - Автор | |
| Автор | Leszer, Eva Maria |
| R(LIN) | 408518 |
| 139 ## - Редно поле | |
| Редна дума | Leszer, Eva Maria |
| Авторски знак | Леси - Л 49 |
| 245 10 - Сведения за заглавието | |
| Заглавие | Wir entwerfen Muster |
| Редно поле (дума) | Eva Maria Leszner. |
| 257 ## - Страна на издаване | |
| Страна на създаване/издаване | Германия |
| 260 ## - Област на издателските данни | |
| Име на издателя, разпространителя и проч. | Rosenheimer |
| Година на издаване | 1979 |
| 300 ## - Физическа характеристика | |
| Страници | 128 с. |
| Илюстрации и др. | с ил. |
| Размери/Мащаб | 22 см |
| 380 ## - Жанр | |
| Жанр | Изкуство |
| 650 #4 - Допълнително описание по предмет – тема | |
| Основно описание – тема или топоним | Художествени тъкани - текстилно изкуство |
| 9 (RLIN) | 276080 |
| 653 ## - Ключова дума – ненормативна | |
| Ключова дума | художествени тъкани |
| 700 1# - Други автори (авторска отговорност) | |
| Лично име | Leszner, Eva Maria |
| 9 (RLIN) | 16868 |
| 700 ## - Други автори (авторска отговорност) | |
| Лично име | Лесзнер, Ева Мария |
| 9 (RLIN) | 408511 |
| 852 ## - Местоположение | |
| Форматна сигнатура | Цб 105691 |
| 856 4# - Електронен адрес и достъп | |
| Електронен формат | pdf - файл |
| 856 4# - Електронен адрес и достъп | |
| Електронен формат | pdf - файл |
| 999 ## - СИСТЕМНИ КОНТРОЛНИ НОМЕРА | |
| Koha biblionumber | 115307 |
| Koha biblioitemnumber | 115307 |
| 942 ## - АРТИКУЛИ | |
| Вид на библиотечния материал | Книги |
| Скрит в OPAC | Не |
| Периодичен библиозапис | Да |
| 944 ## - СЪЗДАВАНЕ И РЕДАКЦИЯ на ЗАПИСА | |
| Създаване/Редакция | Създаване |
| Дата на регистрацията/редакция | 13.01.2011 |
| Статус, дата на статуса | добави в АБ / 12.01.2011 |
| Служител, извършил регистрацията/редакцията | Людмила_Стоянова |
| 944 ## - СЪЗДАВАНЕ И РЕДАКЦИЯ на ЗАПИСА | |
| Създаване/Редакция | Редакция |
| Дата на регистрацията/редакция | 24.01.2015 |
| Статус, дата на статуса | добави в АБ / 12.01.2011 |
| Служител, извършил регистрацията/редакцията | Ирена_Линкова |
| 999 ## - СИСТЕМНИ КОНТРОЛНИ НОМЕРА | |
| Koha biblioitemnumber | 115307 |
| Код за отписване | Код за изгубен артикул | Източник на класификационната схема | Код за повреда | Коз за рестрикции | Код за отдаване | Артикулен № | Име на библиотеката - собственик | Име на библиотеката, в която се намира в момента | Статус (Текущо местоположение) | Дата на вписване в системата | Местоположение - отдел | Цена в лева | Инвентарен номер | Систематично азбучна сигнатура | Баркод | Номер на екземпляра | Цена в евро | Служебна бележка | Служебен тип на артикула |
|---|---|---|---|---|---|---|---|---|---|---|---|---|---|---|---|---|---|---|---|
| Не е изгубен | Universal Decimal Classification | Не е повреден | без рестрикции | заемане за дома | 185195 | Регионална библиотека "Любен Каравелов" Русе | Регионална библиотека "Любен Каравелов" Русе | Отдел Изкуство - подръчен фонд | 1979-01-01 | Отдел Изкуство - подръчен фонд | 31.68 | 312703 | 746/Л 49 | 120000312703 | 1 | 16.20 | N: стар фонд Дата: 01.01.1979 Дата инв: 07.06.2012 Бележки инв: * | Книги |